Statistiques concernant Complétez ces expressions avec des animaux #2

Cliquez ici pour prendre le quiz!

Statistiques générales

  • Ce quiz a été pris 1 015 fois
  • Le résultat moyen est 12 sur 26

Statistiques - réponses

HintRéponse% Correct
Mettre la charrue avant les _____bœufs
98%
Revenons à nos _____moutons
97%
_____ émissairebouc
93%
Verser des larmes de _____crocodile
91%
Se faire le coup du _____lapin
89%
S’ennuyer comme un _____ mortrat
88%
Myope comme une _____taupe
82%
Être une _____ mouilléepoule
60%
Temps de _____chien
58%
Têtu comme une _____mûle
58%
Un _____ mal léchéours
49%
Manger comme un _____porc
47%
Une langue de _____vipère
44%
Donner sa langue au _____chat
40%
Remède de _____cheval
37%
Caractère de _____cochon
37%
Payer en monnaie de _____singe
36%
Muet comme une _____carpe
30%
Avancer comme un _____escargot
27%
Manger de la _____ enragéevache
14%
Être comme un _____ en pâtecoq
13%
Une mémoire d’_____éléphant
13%
Connu comme le _____ blancloup
11%
Faire tourner en _____bourrique
6%
Être nu comme un _____ver
4%
Être bête comme une _____oie
3%

Distribution des résultats

Percentile par nombre de réponses

% des personnes avec chaque résultat

Votre développement - résultats

Vous n’avez pas pris ce quiz